ホロメンのファンネームクイズ Name fan names of hololive members - Statistics

General Stats
  • This quiz has been taken 92 times
    83 since last reset
  • The average score is 27 of 48
Answer Stats
Hint Hint Answer % Correct
0期生 0th gen さくらみこ Sakura Miko 35P
90%
0期生 0th gen ときのそら Tokino Sora そらとも/Sora-tomo
90%
0期生 0th gen 星街すいせい Hoshimachi Suisei 星詠み/Hoshiyomi
87%
2期生 2nd gen 大空スバル Oozora Subaru スバ友/Subatomo
81%
0期生 0th gen AZKi 開拓者/Kaitakusha
79%
1期生 1st gen 白上フブキ Shirakami Fubuki すこん部/Sukonbu
79%
ホロライブゲーマーズ hololive gamers 猫又おかゆ Nekomata Okayu おにぎりゃー/Onigiryaa
76%
ホロライブゲーマーズ hololive gamers 戌神ころね Inugami Korone ころねすきー/Koronesky
74%
HoloX 博衣こより Hakui Koyori こよりの助手くん/Koyori’s Assistants
74%
1期生 1st gen 夏色まつり Natsuiro Matsuri まつりす/Matsurisu
74%
2期生 2nd gen 百鬼あやめ Nakiri Ayame 百鬼組/Nakiri Gang
73%
HoloX 沙花叉クロヱ Sakamata Chloe 飼育員/Handlers
69%
4期生 4th gen 姫森ルーナ Himemori Luna ルーナイト/Lu-knights
69%
0期生 0th gen ロボ子さん Robocosan ろぼさー/Roboser
69%
2期生 2nd gen 湊あくあ Minato Aqua あくあクルー/Aqua Crew
68%
1期生 1st gen 赤井はあと Akai Haato はあとん/Haaton
68%
5期生 5th gen 桃鈴ねね Momosuzu Nene ねっ子/Husbands/Wives
68%
HoloX 風真いろは Kazama Iroha かざま隊/Kazama-tai
66%
ホロライブゲーマーズ hololive gamers 大神ミオ Ookami Mio ミオファ/Mio-fam
66%
3期生 3rd gen 白銀ノエル Shirogane Noel 白銀聖騎士団/Knight’s Order of Shirogane
65%
4期生 4th gen 常闇トワ Tokoyami Towa 常闇眷属/Tokoyami Kenzoku
65%
5期生 5th gen 雪花ラミィ Yukihana Lamy 雪民/Yukimin
65%
3期生 3rd gen 宝鐘マリン Houshou Marine 宝鐘の一味/Houshou no Ichimi
63%
2期生 2nd gen 紫咲シオン Murasaki Shion 塩っ子/Shio-ldren
63%
5期生 5th gen 獅白ぼたん Shishiro Botan SSRB
63%
4期生 4th gen 角巻わため Tsunomaki Watame わためいと/Wata-mates
63%
4期生 4th gen 天音かなた Amane Kanata へい民/Hey-min
60%
HoloX 鷹嶺ルイ Takane Lui ルイ友/Lui-tomo
60%
3期生 3rd gen 兎田ぺこら Usada Pekora 野うさぎ同盟/Nousagi Doumei
60%
1期生 1st gen アキ・ローゼンタール Aki Rosenthal ロゼ隊/Rose Knight
56%
5期生 5th gen 尾丸ポルカ Omaru Polka おまる座/ZA-IN
56%
HoloX ラプラス・ダークネス La+ Darknesss ぷらすめいと/Plusmate
55%
2期生 2nd gen 癒月ちょこ Yuzuki Choco ちょこめいと/Chocomates
53%
ReGROSS 音乃瀬奏 Otonose Kanade 音の勢/Oto-no-zei
53%
3期生 3rd gen 不知火フレア Shiranui Flare エルフレンド/Elfriend
47%
ReGROSS 火威青 Hiodoshi Ao 読者/Scholars
45%
ReGROSS 轟はじめ Todoroki Hajime 真っす組/Massugumi
37%
ReGROSS 儒烏風亭らでん Juufuutei Raden でん同士/Den-Kin
35%
FLOWGROW 虎金妃笑虎 Koganei Niko ニコ担/Nikotan
34%
1期生 1st gen 夜空メル Yozora Mel カプ民/Kapu-min
32%
FLOWGROW 水宮枢 Mizumiya Su すうりす/Su’s listeners
32%
FLOWGROW 綺々羅々ヴィヴィ Kikirara Vivi ヴィヴィッド/Vivid
29%
3期生 3rd gen 潤羽るしあ Uruha Rushia ふぁんでっと/Fandead
27%
4期生 4th gen 桐生ココ Kiryu Coco たつのこ/Tatsunoko
24%
FLOWGROW 輪堂千速 Rindo Chihaya ちはニック/Chiha-nic
23%
5期生 5th gen 魔乃アロエ Mano Aloe 魔の友/Manotomo
23%
FLOWGROW 響咲リオナ Isaki Riona 響咲連合/Isaki Union
19%
ReGROSS 一条莉々華 Ichijou Ririka 司書見習い/Secretary-in-Training
15%
No matching quizzes found
Score Distribution
Percent of People with Each Score
Percentile by Number Answered
Your Score History
You have not taken this quiz since the last reset